Purjesz Imre, a betiltott Világ volt szerkesztője főbelőtte magát
Elmentve itt :
| Dokumentumtípus: | Cikk |
|---|---|
| Megjelent: |
1927-08-14
|
| Sorozat: | Délmagyarország
3 No. 186 |
| Kulcsszavak: | Purjesz Imre, Győző Dezső, László Veronka, Öngyilkosság Budapest 1927 |
| Online Access: | http://dmarchiv.bibl.u-szeged.hu/38055 |
| LEADER | 00501nab a2200145 i 4500 | ||
|---|---|---|---|
| 001 | delm38055 | ||
| 005 | 20180927112920.0 | ||
| 008 | 180927s1927 hu o 0|| hun d | ||
| 040 | |a SZTE Délmagyarország Archívum |b hun | ||
| 041 | |a hun | ||
| 245 | 0 | 0 | |a Purjesz Imre, a betiltott Világ volt szerkesztője főbelőtte magát |h [elektronikus dokumentum] |
| 260 | |c 1927-08-14 | ||
| 300 | |a 5 | ||
| 490 | 0 | |a Délmagyarország |v 3 No. 186 | |
| 695 | |a Purjesz Imre, Győző Dezső, László Veronka, Öngyilkosság Budapest 1927 | ||